Unparliamentary expressions. (Record no. 1200)

MARC details
000 -LEADER
fixed length control field 01076cam a2200313 a 4500
001 - CONTROL NUMBER
control field 2466452
003 - CONTROL NUMBER IDENTIFIER
control field OSt
005 - DATE AND TIME OF LATEST TRANSACTION
control field 20230619102810.0
008 - FIXED-LENGTH DATA ELEMENTS--GENERAL INFORMATION
fixed length control field 900424s1986 ii f000 0 eng
010 ## - LIBRARY OF CONGRESS CONTROL NUMBER
LC control number 89906361
020 ## - INTERNATIONAL STANDARD BOOK NUMBER
Terms of availability Rs100.00
025 ## - OVERSEAS ACQUISITION NUMBER
Overseas acquisition number I E 61509
040 ## - CATALOGING SOURCE
Original cataloging agency DLC
Transcribing agency DLC
Modifying agency DLC
-- DLC
041 0# - LANGUAGE CODE
Language code of text/sound track or separate title enghin
043 ## - GEOGRAPHIC AREA CODE
Geographic area code a-ii---
-- b------
050 00 - LIBRARY OF CONGRESS CALL NUMBER
Classification number JQ259
Item number .U57 1986
082 00 - DEWEY DECIMAL CLASSIFICATION NUMBER
Classification number 060.4/2
Edition number 20
Item number KAS
245 00 - TITLE STATEMENT
Title Unparliamentary expressions.
260 ## - PUBLICATION, DISTRIBUTION, ETC. (IMPRINT)
Place of publication, distribution, etc. New Delhi :
Name of publisher, distributor, etc. Lok Sabha Secretariat,
Date of publication, distribution, etc. 1986.
300 ## - PHYSICAL DESCRIPTION
Extent v, 243 p. ;
Dimensions 25 cm.
500 ## - GENERAL NOTE
General note English and Hindi; prefatory matter in English.
500 ## - GENERAL NOTE
General note Compilation with reference to legislative bodies in India and some countries of the Commonwealth of Nations.
650 #0 - SUBJECT ADDED ENTRY--TOPICAL TERM
Topical term or geographic name as entry element Unparliamentary language
Geographic subdivision India.
650 #0 - SUBJECT ADDED ENTRY--TOPICAL TERM
Topical term or geographic name as entry element Unparliamentary language
Geographic subdivision Commonwealth countries.
710 1# - ADDED ENTRY--CORPORATE NAME
Corporate name or jurisdiction name as entry element India.
Subordinate unit Parliament.
-- Lok Sabha.
-- Secretariat.
906 ## - LOCAL DATA ELEMENT F, LDF (RLIN)
a 7
b cbc
c orignew
d 3
e ncip
f 19
g y-gencatlg
942 ## - ADDED ENTRY ELEMENTS (KOHA)
Source of classification or shelving scheme Dewey Decimal Classification
Koha item type Books
Holdings
Withdrawn status Lost status Source of classification or shelving scheme Damaged status Not for loan Home library Current library Date acquired Total Checkouts Full call number Barcode Date last seen Price effective from Koha item type
    Dewey Decimal Classification     County Hall Archives County Hall Archives 06/19/2023   060.4/2 KAS 10001999 06/19/2023 06/19/2023 Books
LIBRARY OPENING HOURS

When the Parliament is sitting: 8.00a.m - 7.00p.m or until the house adjourns
Mondays and Fridays and when the House is on Recess:  8.00a.m - 5.00p.m
Closed on Weekends and Public Holidays

Online Public Access Catalog (OPAC)
Website: http://www.parliament.go.ke
Bunge Library: https://libraryir.parliament.go.ke
Contact: library@parliament.go.ke | Tel no: (254-2)2221291 or 2848000 Ext 5043